1450 1819 1344 1739 1104 1890 1838 1470 1365 1722 1126 1984 1667 1695 1857 1847 1934 1507 1307 1341 1400 1015 1837 1928 1059 1489 1791 1620 1568 1833 1408 1732 1344 1619 1485 1062 1190 1122 1564 1230 1700 1809 1192 1949 1743 1185 1459 1492 1156 1454 1071 1526 1595 1290 1699 1783 1239 1890 1018 1191 1618 1913 1294 1880 1516 1090 1851 1850 1265 1605 1659 1363 1978 1329 1089 1758 1898 1785 1074 1642 1999 1178 1349 1294 1166 1579 1286 1724 1194 1259 1574 1992 1687 1664 1440 1351 1037 1287 1557 BCNSPRNW ULIB Ver.6.0+V

เปลี่ยนเป็นภาษาไทย

Change to English
 แสดงรายละเอียดบรรณานุกรม
  กลับหน้าหลัก

Brief Record : Get Marc (ISO 2709) : E-mail record : QR code < ปิดหน้าต่าง
LEADER : 00000nam 2200000uu 4500
001    13399110782
003     ULIB
008    110609s2553||||th 000 0 tha d
020    9789743005428
050  4 QA76^bศ452ส 2553 ล.1
100 0  ศิริชัย พงษ์วิชัย
245 10 สถิติเพื่อการวิจัยด้วยโปรแกรม R เล่ม 1 การทดสอบความแตกต่าง/^cศิริชัย พงษ์วิชัย
250    พิมพ์ครั้งที่ 2
260    กรุงเทพฯ :^bสุพีเรียพริ้นติ้งเฮาส์,^c2553
300    348 หน้า :^bภาพประกอบ ;^c26 ซม.
650  7 โปรแกรม R (โปรแกรมคอมพิวเตอร์)
650  7 การประมวลผลข้อมูล
650  7 สถิติ^xการประมวลผลข้อมูล
650  7 สถิติ^xโปรแกรมคอมพิวเตอร์
945    ^p250^l0^i18261
945    ^p250^l0^i20294
995    กัณชพร
999    ^aใช้งานได้ทุกระบบ
รายการนี้ยังไม่มีแท็ก
คุณยังไม่ได้ล็อกอิน คุณสามารถมีกิจกรรมร่วมกับเว็บไซต์ได้ แต่ต้องล็อกอินก่อน ::
  ล็อกอิน

รายการสื่อสารสนเทศ

ลำดับที่ ประเภท เลขเรียก/บาร์โค้ด สถานที่ สถานะ
1. การศึกษาทั่วไป
การศึกษาทั่วไป
QA76 ศ452ส 2553 ล.1  
  Barcode: 18261
ห้องสมุดวิทยาเขตนครสวรรค์
►หนังสือทั่วไป:l:General Books
บนชั้น
2. การศึกษาทั่วไป
การศึกษาทั่วไป
QA76 ศ452ส 2553 ล.1 ฉ.2 
  Barcode: 20294
ห้องสมุดวิทยาเขตนครสวรรค์
►หนังสือทั่วไป:l:General Books
บนชั้น

รายการใกล้เคียง
    ผู้แต่ง [ศิริชัย พงษ์วิชัย]

    หัวเรื่อง [โปรแกรม R (โปรแกรมคอมพิวเตอร์)]
    หัวเรื่อง [การประมวลผลข้อมูล]

BibComment


ยังไม่เคยถูกคอมเมนท์

คอมเมนท์ทรัพยากรรายการนี้
  คอมเมนท์: สถิติเพื่อการวิจั..


 Copyright 2026. Bcnsprnw @Library